| 000 | 00520nam a2200181Ia 4500 | ||
|---|---|---|---|
| 999 |
_c22669 _d22669 |
||
| 003 | OSt | ||
| 005 | 20201019124530.0 | ||
| 008 | 190216s9999||||xx |||||||||||||| ||und|| | ||
| 020 | _a8172313586 | ||
| 040 | _coclc | ||
| 082 |
_a297.242 _bPHI/P |
||
| 100 |
_aPhilips, Bilal _95893 |
||
| 245 | 4 |
_aThe Purpose Of Creation / _cBilal Philips |
|
| 260 |
_bIslamic Book Service , _aNew Delhi: _c2002. |
||
| 300 | _a84p | ||
| 650 | _aIslamic History | ||
| 942 |
_cBK _2ddc _h297.242 _iPHI/P _k297.242 _mPHI/P |
||